Music Quiz

Random Music or Song Quiz

Metal Match-Up Quiz Stats

 Plays Quiz not verified by Sporcle

Challenge
Share
Tweet
Embed
Score 0/50 Timer 15:00
0 Plays Today
% Correct
ACDC
96.9%
Deep Purple
96.9%
Black Sabbath
95.4%
Led Zepellin
95.4%
Guns N Roses
95.4%
Queen
95.4%
Iron Maiden
92.3%
Motorhead
92.3%
Van Halen
92.3%
Europe
92.3%
Alice Cooper
92.3%
Blue Oyster Cult
92.3%
Metallica
90.8%
Scorpions
90.8%
Rammstein
89.2%
KISS
89.2%
Journey
84.6%
Megadeth
83.1%
System Of A Down
81.5%
Aerosmith
81.5%
Rush
81.5%
Motley Crue
81.5%
The Who
81.5%
Thin Lizzy
81.5%
Korn
80%
% Correct
Pantera
78.5%
Marilyn Manson
78.5%
Heart
78.5%
Judas Priest
73.8%
Cream
73.8%
Faith No More
70.8%
Iron Butterfly
69.2%
Ratt
66.2%
Whitesnake
61.5%
Mountain
61.5%
Dragonforce
60%
Queensryche
58.5%
Anthrax
56.9%
Genesis
56.9%
Slipknot
50.8%
Jethro Tull
49.2%
Ministry
41.5%
Disturbed
38.5%
Lamb Of God
38.5%
Spinal Tap
35.4%
Death
32.3%
Triumph
23.1%
Sodom
20%
Anvil
13.8%
Trooper
12.3%

You're not logged in!

Compare scores with friends on all Sporcle quizzes.
OR
Log In

You Might Also Like...

Show Comments

Extras

Top Quizzes Today


Score Distribution

Your Account Isn't Verified!

In order to create a playlist on Sporcle, you need to verify the email address you used during registration. Go to your Sporcle Settings to finish the process.

Report this User

Report this user for behavior that violates our Community Guidelines.

Details: